Archaeological excavation at Rukhaeogarh, Nalanda (Bihar) (Record no. 394844)
[ view plain ]
| 000 -LEADER | |
|---|---|
| fixed length control field | 00529 a2200193 4500 |
| 005 - DATE & TIME | |
| control field | 20260319100844.0 |
| 008 - FIXED-LENGTH DATA ELEMENTS--GENERAL INFORMATION | |
| fixed length control field | 260318b |||||||| |||| 00| 0 eng d |
| 020 ## - ISBN | |
| International Standard Book Number | 9789395276399 |
| Price | Rs. 2800.00 |
| 040 ## - CATALOGING SOURCE | |
| Original cataloging agency | VIVEKANANDA LIBRARY |
| 082 ## - DDC NUMBER | |
| Classification number | 930.1020954 |
| Book Number | L16A |
| 100 ## - MAIN ENTRY--PERSONAL NAME | |
| Personal name | Lama, G K |
| 245 ## - TITLE STATEMENT | |
| Title | Archaeological excavation at Rukhaeogarh, Nalanda (Bihar) |
| 260 ## - PUBLICATION, DISTRIBUTION, ETC. (IMPRINT) | |
| Name of publisher, distributor, etc | Prachya Vidya Bhawan |
| Date of publication, distribution, etc | 2024 |
| Place of publication, distribution, etc | Varanasi |
| 300 ## - PHYSICAL DESCRIPTION | |
| Pages | vii, 214 |
| 650 ## - Subject | |
| Subject | History |
| 650 ## - Subject | |
| Subject | Archaeology |
| 650 ## - Subject | |
| Subject | Archaeological Teachniques |
| 942 ## - ADDED ENTRY ELEMENTS (KOHA) | |
| Koha item type | Books |
| Withdrawn status | Lost status | Source of classification or shelving scheme | Damaged status | Not for loan | Location (home branch) | Sublocation or collection (holding branch) | Shelving location | Date acquired | Koha issues (times borrowed) | Koha full call number | Accession No. | Koha date last seen | Koha item type |
|---|---|---|---|---|---|---|---|---|---|---|---|---|---|
| Dewey Decimal Classification | VIVEKANANDA LIBRARY | VIVEKANANDA LIBRARY | Vivekananda Library | 21/01/2026 | 930.1020954 L16A | 444611 | 21/01/2026 | Books |
